LEADER 01297nam a2200253 u 4500 001 000000038900 003 CaOOAMICUS 005 20070226113929.0 008 980429s1938 it u000 u ita u 035 $a10792935 040 $aPUL(R)$bita 100 1 $aGiannini, Amedeo,$d1886-1960.$0(OLS)http://pul/name/3607 245 13$aLa codificazione del diritto marittimo e fluviale :$bmovimento interno ed internazionale /$cAmedeo Giannini. 260 $aRoma :$bSoc. ed. del {mlrhring}Foro italiano{AF},$c1938. 300 $a100 p. ;$c25 cm 490 1 $aPubblicazioni dell' associazione italiana per la società delle nazioni.$aSerie II ;$v9 504 $aBibliografia in nota. 650 4$aDiritto marittimo.$0(OLS)http://pul/subject/2922 830 0$aPubblicazioni dell' associazione italiana per la società delle nazioni.$nSerie II ;$v9.$0(OLS)http://pul/title/52728 850 $aPUL 852 $aPUL$W1$xDP2 Diritto e Scienze Sociali 1$y65$m179 A 98$j52943$nBK-PRI$qStampati$B52943$CPULBib$Z2$F52943 $H57389 $82 941 1 $a8 996 $6245$aLa codificazione del diritto marittimo e fluviale :$bmovimento interno ed internazionale$9(OLS)http://pul/title/52727 996 $6260$aRoma :$bSoc. ed. del {mlrhring}Foro italiano{AF}$9(OLS)http://pul/publisher/63864 LEADER 01251nam a2200313 a 4500 001 000000142515 003 CaOOAMICUS 005 20150330112144.0 008 150330s1985 it u000 u ita r 040 $aPUL$bita 041 1 $aita$hfre 082 04$a220.61 100 1 $aGrelot, Pierre,$csacerdote,$d1917-2009.$0(OLS)http://pul/name/2788 240 10$aBible, guide de lecture.$lItaliano.$0(OLS)http://pul/title/180409 245 10$aPiccola guida alla lettura della Bibbia /$cPierre Grelot. 250 $a2. ed. 260 $aCasale Monferrato :$bPiemme di Pietro Marietti-Roma,$c1985. 300 $a110 p. ;$c21 cm 490 1 $aBibbia e pastorale 504 $aBibliografia in nota. 630 04$aBiblia$xIntroduzioni.$0(OLS)http://pul/subject/1614 830 0$aBibbia e pastorale (Piemme).$0(OLS)http://pul/title/180411 850 $aPUL 852 $aPUL$W1$xDP2 Religione 3$y114$m220. 61 GREPI 1$j164395$qDDC 21$B164616$CPULBib$Z2$F164616 $82 941 1 $a9 996 $6082$a220.61$9(OLS)http://pul/classification/2743 996 $6245$aPiccola guida alla lettura della Bibbia$9(OLS)http://pul/title/180410 996 $6260$aCasale Monferrato :$bPiemme di Pietro Marietti-Roma$9(OLS)http://pul/publisher/81811